00601 2200205 4500001002100000005001500021035002000036007000300056008004100059020001800100082000800118084001400126100002500140245012200165250000900287260004100296300002500337650002100362990001200383INLIS00000000000008220170909111605 a0010-0917000068ta170909 g 0 ind  a979-3721-89-8 a297 a297 JAS p0 aJasa Unggah Muliawan1 aPendidikan Islam Itegratif :bUpaya Mengintegrasikan Kembali Dikotomi Ilmu dan Pendidikan Islam /cAbdurahman Assegaf aed.1 aJogjakarta :bPustaka Pelajar,c2005 a241hlm ;c14 x 21 cm aPendidikan Islam a1071563